000 00902nam a2200289Ia 4500
003 OSt
005 20260409143443.0
008 210210b2007 xxu||||| |||| 00| 0 eng d
020 _a8190417053
040 _cAL
041 _aHindi
082 _aH891.309 BHAR
100 _aBHANDARI (Madhavi Shridhar)
_dभंडारी (माधवी श्रीधर)
_9261135
245 _aRajendra Yadav: Katha sahitya ke vividh ayam
_b राजेंद्र यादव: कथा साहित्य के विविध आयाम
260 _aKanpur
_bAlaka Prakashan.,
_c2007
300 _a298
650 _aYadav:
_9261136
650 _avividh
_9261137
650 _asahitya
_9261138
650 _aRajendra
_9261139
650 _ake
_9261140
650 _aKatha
_9261141
650 _aaayam
_9261142
690 _aHindi Criticism
_9261143
906 _a063520
942 _2ddc
_cBK
999 _c136861
_d136861